Statistics for Strade Bianche Winners (since 2007)

Click here to take the quiz!

General Stats

  • This quiz has been taken 24 times
    (10 since last reset)
  • The average score is 14 of 18

Answer Stats

YearNationalityAnswerTeam% Correct
2016SwitzerlandFabian CancellaraTrek-Segafredo
100%
2012SwitzerlandFabian CancellaraRadioShack-Nissan
100%
2008SwitzerlandFabian CancellaraTeam CSC
100%
2019FranceJulian AlaphilippeDeceuninck-Quick-Step
100%
2021The NetherlandsMathieu van der PoelAlpecin-Fenix
100%
2017PolandMichał KwiatkowskiTeam Sky
100%
2014PolandMichał KwiatkowskiOmega Pharma–Quick-Step
100%
2024SloveniaTadej PogačarUAE Team Emirates
100%
2022SloveniaTadej PogačarUAE Team Emirates
100%
2023United KingdomTom PidcockIneos Grenadiers
100%
2020BelgiumWout Van AertTeam Jumbo-Visma
88%
2018BelgiumTiesj BenootLotto-Soudal
75%
2015Czech RepublicZdeněk ŠtybarEtixx-Quick-Step
63%
2011BelgiumPhilippe GilbertOmega Pharma-Lotto
50%
2010KazakhstanMaxim IglinskyAstana
25%
2013ItalyMoreno MoserCannondale
25%
2007RussiaAlexandr KolobnevTeam CSC
13%
2009SwedenThomas LöfkvistTeam Columbia-High Road
13%

Score Distribution

Percentile by Number Answered

Percent of People with Each Score

Your Score History

You have not taken this quiz since the last reset